| 000 | 01000nam0a22002531 4500 | ||
|---|---|---|---|
| 001 | rc\4207058 | ||
| 005 | 20260407144836.0 | ||
| 035 | _a(NLR Aleph) 008010009 | ||
| 090 |
_a8694286 _c8694286 |
||
| 100 | _a20130415a19469999|||y0rusy50 ca | ||
| 101 | 0 | _arus | |
| 102 | _aRU | ||
| 105 | _ay z ||||| | ||
| 200 | 1 | _aПриказ Министра трудовых резервов Союза ССР | |
| 210 |
_aМосква _cБ. и. _d1946- |
||
| 215 | _d26 | ||
| 300 | _aВ библиотеке имеется это издание за годы 1946- | ||
| 710 | 0 | 1 |
_aСССР _bМинистерство трудовых резервов _3RU\NLR\AUTH\8810020366 _9538732 |
| 801 | 0 |
_aRU _bNLR _gpsbo |
|
| 801 | 1 |
_aRU _bELAR _2rusmarc |
|
| 830 | _aПеречень имеющихся в библиотеке томов, номеров, годов этого издания смотри в каталоге периодических изданий | ||
| 852 |
_aNLR _jП47/978 |
||
| 942 | _cBOOK | ||
| 980 | _aNB | ||